| 000 | 00387nam a2200157 a 4500 | ||
|---|---|---|---|
| 001 | 4974 | ||
| 003 | CDMR | ||
| 005 | 20130319114405.0 | ||
| 008 | 130130s1993||||||||||||||||||||||||||||d | ||
| 040 |
_aCDMR _bcat _cCPC LLEIDA |
||
| 100 |
_92835 _aIglesias, Ignacio |
||
| 245 | 0 | _aL'aventura del Militant | |
| 260 |
_aBarcelona _c1993 _bLaertes |
||
| 700 |
_919 _aAlba, VĂctor |
||
| 942 |
_cMON _2ddc |
||
| 999 |
_c4974 _d4974 |
||